书目信息 |
| 题名: |
吴下方言考
|
|
| 作者: | 胡文英 撰 | |
| 分册: | 二 | |
| 出版信息: | 北京 北京市中国书店 出版日期不详 |
|
| 页数: | 1册 | |
| 开本: | 18*14cm | |
| 丛书名: | ||
| 单 册: | ||
| 中图分类: | H173 | |
| 科图分类: | ||
| 主题词: | 汉语方言 | |
| 电子资源: | ||
| ISBN: | ||
| 000 | 00604nam0 2200217 450 | |
| 001 | 0636257842 | |
| 005 | 20061023100916.00 | |
| 010 | @b线装@dCNY22.00(函) | |
| 100 | @a20061023d km y0chiy0120 ea | |
| 101 | 0 | @achi |
| 102 | @aCN@b110000 | |
| 200 | 1 | @a吴下方言考@Awu xia fang yan kao@h二@f(清)胡文英撰@F(qing)hu wen ying zhuan |
| 205 | @b影印本 | |
| 210 | @a北京@c北京市中国书店@d出版日期不详 | |
| 215 | @a1册@d18*14cm | |
| 300 | @a一至四册为一函,共十二卷 | |
| 606 | 0 | @a汉语方言 |
| 690 | @aH173@v3 | |
| 701 | 0 | @a胡文英@Ahu wen ying@4撰 |
| 801 | 0 | @aCN@bPFT@c20061023 |
| 905 | @a10447@dH173@e3:2 | |
| 吴下方言考.二/(清)胡文英撰.-影印本.-北京:北京市中国书店,出版日期不详 |
| 1册;18*14cm |
| 一至四册为一函,共十二卷 |
| ISBN (线装):CNY22.00(函) |
| ● |
| 相关链接 |
|
|
|
|
正题名:吴下方言考
索取号:H173/3:2
 
预约/预借
| 序号 | 登录号 | 条形码 | 馆藏地/架位号 | 状态 | 备注 |
| 1 | 0222407 | 202417991 | 古籍典藏专区/ [索取号:H173/3:2] | 在馆 |